García Márquez: historia de un deicidio
Saved in:
| Hovedforfatter: | |
|---|---|
| Format: | Bog |
| Sprog: | spansk |
| Udgivet: |
Barcelona
Barral
1971
|
| Udgivelse: | 2a. ed |
| Serier: | Breve Biblioteca de Respuesta
|
| Fag: | |
| Tags: |
Tilføj Tag
Ingen Tags, Vær først til at tagge denne postø!
|
MARC
| LEADER | 00000nam a2200000 a 4500 | ||
|---|---|---|---|
| 001 | UCX6738 | ||
| 003 | CL-VaPUC | ||
| 008 | 930810e19710000SP |||||||||||||||||spa|d | ||
| 082 | 0 | 4 | |a Co863.09 |b VAR |2 21 |
| 100 | 0 | |a Vargas Llosa, Mario |e author |9 318800 | |
| 245 | 1 | 0 | |a García Márquez: historia de un deicidio |
| 250 | |a 2a. ed | ||
| 300 | |a 667 p | ||
| 942 | |c BK | ||
| 945 | |d 19930810 00:00:00 | ||
| 260 | |a Barcelona |b Barral |c 1971 | ||
| 600 | 0 | 7 | |a GARCIA MARQUEZ, GABRIEL |2 CL-VaPUC |9 318478 |
| 650 | 0 | |a Crítica e interpretación |9 255042 | |
| 650 | 0 | |a Historia |9 255047 | |
| 651 | 0 | |a Colombia |9 256424 | |
| 583 | |a last modification |c 20140409 11:57:26 |k Rodrigo Vera | ||
| 490 | 0 | |a Breve Biblioteca de Respuesta | |
| 999 | |c 226716 |d 226714 | ||
| 952 | |0 0 |1 0 |4 0 |6 CO_863_090000000000000_VAR_1971 |7 0 |8 A |9 225269 |a BIBEDU |b BIBEDU |d 2019-11-15 |i 2939762 |o Co863.09 VAR 1971 |p 2939762 |r 2019-11-15 |w 2019-11-15 |y BK |k LIT | ||